000 01183nam0a2200313 i 4500
001 RU\NLR\BIBL_A\010985412
005 20260406110424.0
010 _a9785227064561
_93000
021 _aRU
_b2016-8006
_9516
035 _a(NILC)RuMoRGB-008134174
035 _a(NLR Aleph) 010985412
090 _a10898406
_c10898406
100 _a20160224d2016 um y0rusy50 ca
101 0 _arus
102 _aRU
105 _ay|||z|||000yy
200 1 _aЛечение серебром
_eдрагоценное лекарство от ста недугов
_fЮрий Константинов
210 _aМосква
_cЦентрполиграф
_d2016
215 _a156, [2] с.
_d17
225 1 _aКарманный целитель
606 1 _aСеребро
_xЛечебное применение
_92231563
_3RU\NLR\AUTH\661339395
686 1 _aР358.9
700 1 _8rus
_7ca
_aКонстантинов
_bЮ. М.
_cпопуляризатор
_gЮрий Михайлович
_3RU\NLR\AUTH\77109132
_992057
801 0 _aRU
_bРГБ
_c20160203
_gRCR
801 1 _aRU
_bРГБ
_c20160203
_2rusmarc
942 _cBOOK
980 _aNBR